Ultimate Disney Character Quiz - Statistics

General Stats
  • This quiz has been taken 1,108 times
  • The average score is 85 of 185
Answer Stats
Hint Answer % Correct
She lost her glass slipper Cinderella
99%
Lion who couldn't wait to be king Simba
89%
Ate a poisoned apple Snow White
89%
She turned a pumpkin into a carriage Fairy Godmother
86%
Dwarf Grumpy
86%
Arabian princess Jasmine
86%
Dwarf Sleepy
85%
Arabian street rat Aladdin
84%
Lion Princess Nala
84%
First Lion King Mufasa
82%
Dwarf Doc
81%
Dwarf Dopey
81%
Flying elephant Dumbo
81%
Evil Arabian Sorceror Jafar
80%
Odorous warthog Pumbaa
80%
Thieving monkey Abu
79%
Boy leader of Neverland Peter Pan
79%
Dwarf Sneezy
79%
Talkative meerkat Timon
79%
Red haired mermaid Ariel
78%
Dwarf Happy
78%
Girl who travels to Wonderland Alice
77%
Chinese girl who joins the army to protect her father Mulan
77%
Pirate with one hand Captain Hook
76%
Jealous green fairy of Neverland Tinkerbell
76%
Pulled a sword from the stone Arthur
75%
Extremely strong greek god Hercules
75%
Girl who follows a boy to Neverland Wendy
75%
Evil fashionista who wants a dalmatian puppy coat Cruella de Vile
74%
Rub the lamp and release the... Genie of the Lamp
74%
Dwarf Bashful
73%
Hawaiian girl who adopts an alien Lilo
73%
Bookworm who falls for a beast Belle
72%
Brother who goes to Neverland John
72%
Fugitive alien who seeks refuge on Hawaii Stitch
72%
Evil octopus-woman who steals voices Ursula
72%
Greek god of the underworld Hades
71%
Jungle boy raised by gorillas Tarzan
71%
Mermaid's love interest Prince Eric
70%
Throws tea partys for unbirthdays The Mad Hatter
70%
Orphaned deer who grows up to be King of the forest Bambi
69%
Famous wizard Merlin
69%
Puppet who wants to be a real boy Pinocchio
69%
Native American princess Pocahontas
69%
Has very long hair Rapunzel
69%
Fun loving bear friend of the jungle boy Baloo
68%
Blue and yellow fishy sidekick Flounder
68%
Proper Cocker Spaniel who falls for a street mutt Lady
68%
Orphaned jungle boy Mowgli
68%
Princess who pricks her finger on a spindle Aurora
67%
Tubby mouse who made a dress Gus
67%
Evil ruler of Wonderland Queen of Hearts
67%
Wise baboon Rafiki
67%
Crustacean advisor to the sea king Sebastian
67%
Street smart mongrel who falls for a proper pup Tramp
66%
Greek god of lightening Zeus
66%
Prince transformed into a monster for his rude behavior Beast
65%
Dragon sent to protect the young soldier Mushu
65%
Young talking teacup Chip
64%
Brute manly man who wants to wed a bookworm Gaston
64%
Falls for an ape-man Jane
64%
New Orleans woman who gets turned into a frog Tiana
64%
Group of orphaned boys on Neverland The Lost Boys
63%
Rabbit who loves hitting his leg on fallen trees Thumper
63%
Tocan advisor to the king Zazu
63%
Ugly step-sister Anastasia
62%
Magically talking candlestick Lumiere
62%
Male owner of the cocker spaniel Jim Dear
61%
Man hired to protect colonists from Indians, falls for one John Smith
61%
Male dalmatian Pongo
61%
He can disappear but his smile remains The Chesire Cat
61%
Evil kitty Lucifer
59%
Hunchback of Notre Dame Quasimodo
59%
Fox who steals from the rich and gives to the poor Robin Hood
59%
Sarcastic greek heroin Megara
58%
Flying horse Pegasus
58%
Ugly step-sister Drizella
57%
Parrot sidekick with an annoying voice Iago
57%
Pirate first mate Mr. Smee
56%
Hes late for a very important date The White Rabbit
56%
Magically talking clock Cogsworth
55%
Emperor turned llama Kuzco
55%
Evil sorceress who loves dragons Maleficent
55%
Scary ridiculously old Emperor's advisor Yzma
54%
Con man who falls for a long haired princess Flynn Rider
53%
Father of puppet boy Geppetto
52%
The conscience of a puppet Jiminy Cricket
52%
Tiger of an Arabian princess Rajah
52%
Bully leader of the herd Kron
51%
Chameleon friend of a long haired princess Pascal
51%
African prince who gets turned into a frog Prince Naveen
51%
Skunk who doesn't know he smells Flower
49%
Dumb assistant to the emperor's advisor Kronk
49%
Orange tabby kitten adopted by a gang of street dogs Oliver
49%
Portly duo in Wonderland Tweedledee
48%
Portly duo in Wonderland Tweedledum
48%
Captain of a band of misfit soldiers who save China Li Shang
45%
Gypsy with a golden heart Esmerelda
44%
Brother who goes to Neverland Michael
44%
Prince who kisses a narcoleptic princess Prince Phillip
44%
Lion Queen Sarabi
43%
Fairy to sleeping beauty Flora
42%
Raccoon who always finds trouble...and snacks Meeko
42%
Panther who tries to return the jungle boy to the village Bagheera
41%
Fairy to sleeping beauty Fauna
40%
Orangutan who wants to keep the jungle boy King Louie
40%
Right hand bear to the fox of sherwood Little John
40%
White kitten Marie
40%
Female dalmatian Perdita
40%
Lead dress making mouse Jaq
39%
Corrupt prince of England Prince John
39%
Street wise alley cat Thomas O'Malley
39%
Only female hyena Shenzi
38%
Fox who befriends a foxhound Tod
38%
Trumpet playing alligator Louis
37%
Cinderella's Dog Bruno
35%
Mama kitty on an adventure with her kittens through France Duchess
35%
Vixen who has eyes for the fugitive of Sherwood Forest Maid Marian
35%
Fairy to sleeping beauty Merryweather
35%
Smoking insect who likes to spell The Caterpillar
35%
Very smart talking owl Archimedes
34%
Troublesome Greek duo, failed to kill a strong greek baby Pain and Panic
34%
Foxhound who befriends a fox Copper
33%
Evil judge with a vendetta against gypsys Frollo
30%
Cajun firefly Ray
30%
Gorilla hunter Clayton
28%
Fiesty Scottish terrier Jock
27%
Evil rat who plans to be King of England Ratigan
27%
Throws tea partys for unbirthdays March Hare
26%
Linguist who sets out to discover Atlantis Milo Thatch
26%
Family man llama herder Pacha
26%
Mongal invader Shan Yu
26%
Corrupt lawman who hunts a fox Sheriff of Nottingham
26%
Female owner of the cocker spaniel Darling
25%
Hungarian rescuer mouse Miss Bianca
25%
Mouse version of Sherlock Holmes Basil
23%
Atlantian princess Kidagakash
23%
Orange kitten Toulouse
23%
Rescuer mouse Bernard
22%
Ex CIA who now works for CPS Cobra Bubbles
22%
Cat of Wonderland girl Dinah
22%
Butler who plots to get rid of the cat family Edgar
22%
Creator of the alien fugitive Jumba
21%
Evil govoner who wants to mine America for gold Ratcliffe
21%
Kidnapped girl taken to the buyou, rescued by mice Penny
20%
Gorilla best friend of the ape-man Terk
20%
Captain hired to rid Paris of gypsys, but falls in love with one Phoebus
19%
Tiger who wants to eat the jungle boy Sheer Khan
19%
Street smart dog who takes a kitten under his wing Dodger
18%
Dumb duo of cat burglers hired to steal dalmatian puppys Jasper and Horace
18%
Silverback gorilla Kerchak
18%
Whale who ate a puppet Monstro
18%
Doe who catches the eye of a young buck Faline
17%
Earth expert alien hired to track down the escaped fugitive Pleakley
17%
Scaredy elephant Tantor
17%
Mama gorilla Kala
16%
Arranged husband for the Indian princess Kokoum
16%
Hired to exterminate experiment 626 Captain Gantu
14%
Old hunting dog Chief
14%
Bloodhound who is hit by the dog catcher truck Trusty
14%
Kidnaps an orphaned girl to get a diamond Madame Medusa
13%
Rich girl who adopts a kitten which gets her into trouble Jenny
12%
Iguanadon raised by lemurs Aladar
11%
Female fox Vixey
11%
Odd geologist who prefers dirt to people Mole
10%
Young mouse whose inventor father is kidnapped Olivia
10%
Prissy poodle who is jealous of the new kitten Georgette
9%
Young mechanic on the Atlantis mission Audrey
6%
Kidnapped boy in Australia, rescued by mice Cody
6%
Mouse version of Dr. Watson Dr. Dawson
6%
Doctor for the Atlantis crew Dr. Sweet
6%
Kangaroo rat who helps the Rescue Aid Society in Australia Jake
6%
Black and white kitten Berloiz
5%
Cook for the Atlantis crew Cookie
5%
Styracosaurus Eema
5%
Femme Fatale who wants to profit off of Atlantis Helga Sinclair
5%
Poacher in Australia McLeach
5%
Bully leader's sister Neera
5%
Young girl lemur Suri
5%
Last Brachiosaurus Baylene
4%
Captain who wants to discover Atlantis for profit Rourke
4%
Explosives expert on the Atlantis crew Vinny
4%
Goofy bachelor lemur Zini
4%
Female golden eagle in Australia Marahute
3%
Dog like Ankylosaurus Url
3%
No matching quizzes found
Score Distribution
Percent of People with Each Score
Percentile by Number Answered
Your Score History
You have not taken this quiz